000 04090nam a2200301 i 4500
001 179974
003 ES-MaACL
005 20230906220946.0
008 120309m19201963sp |||| | spa d
080 _a929.52.09(460)(038)
080 _a929.52.09(8=134.2)(038)
080 _a929.6(460)(038)
080 _a929.6(8=134.2)(038)
100 1 _aGarcía Carraffa, Alberto.
_954342
245 1 0 _aDiccionario heráldico y genealógico de apellidos españoles y americanos /
_cpor Alberto y Arturo García Carraffa.
260 _aMadrid :
_bImp. Antonio Marzo,
_c1920-1963.
300 _a86 v. :
_blám. ;
_c27 cm.
490 1 _aEnciclopedia heráldica y genealógica hispano-americana ;
_vt. 3-88
505 8 _aContiene: t. 1. Aanda-Adán de Yarza t. 2. Adana-Aich t. 3. Aichiavoli-Alcocer t. 4. Alcocés-Almuzara t. 5. Alfonsín-Alzuru t. 6. Allado-Anés t. 7. Anescar-Aragón t. 8. Aragonés-Arecha t. 9. Arechaga-Aronal t. 10. Aronsena-Azzia t. 11. Baana-Barbena t. 12. Barbens-Basani t. 13. Basanta-Benavides t. 14. Bencarza-Blanchs t. 15. Blanco-Bolet t. 16. Boliaga-Brañas t. 17. Braramuño-Buzón t. 18. Caamaño-Cadelo t. 19. Cadena-Campani t. 20. Campano-Cañellas t. 21. Cañete-Carvallo t. 22. Carafa-Cassador; Anexo: Bertodano t. 23. Castant-Celaeta t. 24. Celain-Claver t. 25. Clavería-Cutuneguieta t. 26. Chabelas-Desportell t. 27. Despou-Duzay t. 28. Ebazquin-Ellauri; Anexo: Aceña de Butrón-Despujol t. 29. Ellul-Escolonea; Anexo: Azcárraga-Enrile t. 30. Escorcia-Ezterripa t. 31. Fabalis-Fernández de Espinosa; Anexo: Alverico-Cardiff t. 32. Fernández de Córdova-Figueiredo; Anexo: Azara-Echeverz t. 33. Figuera-Franco t. 34. Francolí-Gamboa; Anexo: Bureba-Entenza t. 35. Gambacorta-García de la Plata; Anexo: Albuerne-Fernández de Peñaranda t. 36. García y Portilla-Gil de Zúñiga; Anexo: Fernández de Cañete-García-Moreno t. 37. Gilabert-Gómez de la Serna t. 38. Gómez de Silva-Gorriti t. 39. Górriz-Guil t. 40. Guilisasti o Guilasagasti-Haro t. 41. Hartos-Hilera; Anexo: Cossio-Gramunt t. 42. Hilgueros-Ibarrundía; Anexo: Cortadellas-Egea o Gea t. 43. Ibars de Povil-Irazusta; Anexo: González de la Campa t. 44. Irgas-Izurzu; Anexo: Argüelles-Gastón t. 45. Jabaloyas-Juyá; Anexo: Humada t. 46. Labaca-Larburu t. 47. Lardíes-Lazcamburu; Anexo: Bereterrechea-Laita t. 48. Lazcano-Lizárraga t. 49. Lizarralde-Luzuriaga t. 50. Llabía-Maldá; Anexo: Alfaro-López de Haro Ruiz de Baeza t. 51. Maldonado-Marín t. 52. Marina-Marroquín t. 53. Marrubiza-Mendibure t. 54. Mendicoa-Mesares t. 55. Mescua-Moncayo; Anexo: Arespacochaga-Maroto t. 56. Monclares-Moradell; Anexo: Lisa-Montoliu t. 57. Moraga-Mozo; Anexo: Delgado de Antequera t. 58. Mozo de la Torre-Muzúa; Anexo: Aicinena-Mora t. 59. Naarruza-Neyla o Neila; Anexo: Acedo-Jiménez de Antillón t. 60. Neira-Ocaranza t. 61. Ocaríz-Olcina t. 62. Olcinellas-Ordines; Anexo: Brizuela-Lasa t. 63. Ordonias-Oruna t. 64. Oruña-Ozticain; Anexo: Cabrera-Maluenda t. 65. Pablo-Palandegui t. 66. Palafurgell-Parro t. 67. Parrondo-Pellón; Anexo: Azcón-Noriega t. 68. Pemán-Pérez de Arramendia; Anexo: Ávila-Luz t. 69. Perestorte-Piñatelo t. 70. Pimentel-Polit t. 71. Polo-Portero; Anexo: Caamaño-Maldonado t. 72. Portes-Puig-Gat t. 73. Peraza de Ayala-Quixano; Anexo: Aguera-Meneses t. 74. Quinquer-Rigada; Anexo: González-Malvar t. 75. Ramírez-Rivilla t. 76. Riabeyo-Rizo t. 77. Roa-Romaza t. 78. Romero-Ruy de Peras t. 79. Sáa-Salinas t. 80. Sall-Santangel t. 81. Santaolaria-Sayfores t. 82. Sebastián-Sirtema t. 83. Sirvent-Susunaga t. 84. Tabar-Tolosans t. 85. Tolrá-Tutor; Anexo: Eleta t. 86. Uacué-Urriza
650 4 _aHeráldica-
_zEspaña-
_vDiccionarios.
_9148959
650 4 _aHeráldica-
_zAmérica española-
_vDiccionarios.
_9149563
651 4 _aEspaña-
_xGenealogía-
_vDiccionarios.
_9149564
651 4 _aAmérica española-
_xGenealogía-
_vDiccionarios.
_9149565
700 0 _aGarcía Carraffa, Arturo.
_954343
830 0 _aEnciclopedia heráldica y genealógica hispano-americana ;
_vt. 3-88
_9191150
852 _aES-MaACL
_jJ-58 (3-88)
999 _c179974
_d179974